000 004220000a22001690004500
003 MACL
005 20151230142543.0
008 151230b xxu||||| |||| 00| 0 eng d
040 _aMACL
_cMACL
041 _aEnglish
082 _a323.44/NAI
100 _aNaik, Nitin K.
_924931
245 _aIndian Liberalism
260 _bPadma Publications
_c1945
650 _aPolitical Science
_924932
942 _cBK
_k323.44/Nai
_2ddc
999 _c35931
_d35931